| 000 | 00804cam a22001457a 4500 | ||
|---|---|---|---|
| 008 | 180718b1965 xxu||||| |||| 00| 0 eng d | ||
| 082 | _aK232x54 In2r/1965 | ||
| 100 | _aIndia. Dearness Allowance Commission on the Question of Adequacy of the Dearness Allowance Activissible to the Central Government Employees | ||
| 245 |
_aReport of the Dearness Allowance Commission on the Question of Adequacy of the Dearness Allowance Admissible to the Central Government Employees as from Ist December, 1965 _cby Department of Expenditure, Ministry of Finance |
||
| 260 |
_aNew Delhi _bDepartment of Expenditure, Ministry of Finance _c1965 |
||
| 300 | _a24+p. | ||
| 500 | _aChairman: P.B. Gajendragadkar | ||
| 700 | _aIndia. Ministry of Finance. Department of Expenditure | ||
| 700 | _aGajendragadkar, P.B. (Chairman) | ||
| 999 |
_c489631 _d489631 |
||